| 000 | 00885nam a22002537a 4500 | ||
|---|---|---|---|
| 005 | 20170123162319.0 | ||
| 010 | _aA-940858 | ||
| 020 | _c175.00 | ||
| 035 | _aA-940858 | ||
| 037 | _bCen Lib/Ret | ||
| 040 |
_aDPL _bUR |
||
| 082 |
_a842 _bش ر م |
||
| 100 |
_a شرما، روتی سرن _9878 |
||
| 245 |
_aتمہارے غم : _c روتی سرن شرما _bچار اسٹیج ڈرامے / |
||
| 246 |
_aTumhare gham mere : char stage drame / _bby Revti Saran Sharma |
||
| 260 |
_aنیی دہلی _b روتی سرن شرما _c1998 |
||
| 270 |
_bنیی دہلی _aA-36 چٹک پرٹمنٹ سیکٹر ٩، روہنی _e110085 |
||
| 300 |
_a190p. _c21cm(Hb) |
||
| 650 |
_aاردو ادب _9116161 |
||
| 650 |
_aاردو ڈرامہ _9462 |
||
| 650 |
_aUrdu literature _9116162 |
||
| 650 |
_aUrdu drama _914322 |
||
| 942 |
_2ddc _cUR _h842 _mش ر م |
||
| 999 |
_c106939 _d106939 |
||